Payment certificates (Record no. 75657)
[ view plain ]
| 000 -LEADER | |
|---|---|
| fixed length control field | 01299cab a2200193 4500 |
| 001 - CONTROL NUMBER | |
| control field | L130502 |
| 008 - FIXED-LENGTH DATA ELEMENTS--GENERAL INFORMATION | |
| fixed length control field | 050808n2005 000 0 eng u |
| 035 ## - SYSTEM CONTROL NUMBER | |
| System control number | (Sirsi) u130502 |
| 041 ## - LANGUAGE CODE | |
| Language code of text/sound track or separate title | eng |
| 100 ## - MAIN ENTRY--PERSONAL NAME | |
| Personal name | Brewer, Geoff |
| 245 ## - TITLE STATEMENT | |
| Title | Payment certificates |
| 260 ## - PUBLICATION, DISTRIBUTION, ETC. | |
| Date of publication, distribution, etc. | 2005 |
| 490 ## - SERIES STATEMENT | |
| Series statement | Contract Journal |
| Volume/sequential designation | 429(6534) 20 July 2005, 30(1) |
| 520 ## - SUMMARY, ETC. | |
| Summary, etc. | Discusses the case Henry Boot Construction Ltd v Alstom Combined Cycles Ltd ([2005] EWCA Civ 814) which considered the issue of the application of the Limitation Act 1980 to payment claims. The original arbitration involved a final certificate issued for £44m when the total sum in the final account was £102m. Alstom claimed that Boot's claims were statute barred at the date of the final certificate and no further monies were due to Boot. The arbitrator agreed with Alstom but Boot appealed. The CA allowed Boot's appeal on the grounds that a contractor's right to payment under the ICE standard construction contract arose when the a payment certificate was issued or ought to have been issued under Clause 60 and not when the work was done. |
| 590 ## - LOCAL NOTE (RLIN) | |
| Local note | IKA160805 |
| 650 ## - SUBJECT ADDED ENTRY--TOPICAL TERM | |
| Topical term or geographic name entry element | HENRY BOOT CONSTRUCTION V ALSTOM COMBINED CYCLES |
| 690 ## - LOCAL SUBJECT ADDED ENTRY--TOPICAL TERM (OCLC, RLIN) | |
| Topical term or geographic name as entry element | BUILT ENVIRONMENT-BUILDING CONTRACT FORMS-STANDARD FORMS OF BUILDING CONTRACT |
| 942 ## - ADDED ENTRY ELEMENTS (KOHA) | |
| Suppress in OPAC | 0 |
| Withdrawn status | Lost status | Source of classification or shelving scheme | Damaged status | Not for loan | Home library | Current library | Shelving location | Date acquired | Total Checkouts | Full call number | Barcode | Date last seen | Copy number | Price effective from | Koha item type |
|---|---|---|---|---|---|---|---|---|---|---|---|---|---|---|---|
| Dewey Decimal Classification | London | London | Journal article | 08/08/2005 | L130502 | 130502-1001 | 06/08/2019 | 1 | 06/08/2019 | Journal article |